000 00330nam a2200133Ia 4500
005 20260328101457.0
008 260328s9999||||xx |||||||||||||| ||und||
100 _aGirouard, Mark
245 0 _aHistoric Houses of Britain /
_cMark Girouard
260 _bWilliam Morrow and Co.
300 _a185 p.
650 _aEUROPA
942 _cBK
999 _c8867
_d8867